[Event "Mechanics' Winter TNM; 30/90, SD/30"]
[Site "San Francisco"]
[Date "2011.01.11"]
[Round "2.4"]
[White "Kristofurov, Sergey"]
[Black "Standen, Julian"]
[Result "1-0"]
[WhiteElo "2026"]
[BlackElo "1706"]
[PlyCount "53"]
[EventDate "2011.??.??"]

1. d4 d5 2. c4 c6 3. Nf3 Nf6 4. Nc3 a6 5. cxd5 cxd5 6. Bf4 Nc6 7. e3 e6 8. Rc1
Be7 9. Bd3 O-O 10. h3 Bd7 11. O-O Rc8 12. Ne5 Nxe5 13. Bxe5 Bc6 14. Qc2 g6 15.
a3 b5 16. a4 Qb6 17. axb5 Bxb5 18. Qb3 Nd7 19. Bxb5 Nxe5 20. dxe5 Rb8 21. Rc2
axb5 22. Ne2 Rfc8 23. Rfc1 Rxc2 24. Rxc2 b4 25. Nd4 Kg7 26. Rc6 Qd8 27. Rxe6
1-0

[Event "Mechanics' Winter TNM; 30/90, SD/30"]
[Site "San Francisco"]
[Date "2011.02.08"]
[Round "6.15"]
[White "Litowsky, Daniel"]
[Black "Allen, Tom"]
[Result "1-0"]
[WhiteElo "1700"]
[BlackElo "1507"]
[PlyCount "122"]
[EventDate "2011.??.??"]

1. e4 e5 2. Nc3 Nf6 3. Bc4 Nxe4 4. Bxf7+ Kxf7 5. Nxe4 d5 6. Qf3+ Kg8 7. Ng3 Be6
8. Nh3 c5 9. d3 h6 10. Bd2 Nc6 11. Ne2 Qd7 12. a3 Bg4 13. Qe3 Bd6 14. O-O-O d4
15. Qe4 Rf8 16. f3 Bf5 17. Qh4 Be7 18. Qe1 Bxh3 19. gxh3 Qxh3 20. f4 exf4 21.
Nxf4 Qf5 22. Rg1 Bg5 23. Qe6+ Qxe6 24. Nxe6 Bxd2+ 25. Rxd2 Rf7 26. Rdg2 g5 27.
h4 Ne5 28. hxg5 h5 29. g6 Rf6 30. Nxc5 Ng4 31. Nxb7 Rxg6 32. Nc5 Kh7 33. Nb3
Rd8 34. Re2 Rg7 35. Re4 Rgd7 36. Rf1 Kg6 37. Rff4 Nf6 38. Rxd4 Rxd4 39. Rxd4
Rxd4 40. Nxd4 h4 41. Kd2 h3 42. Nf3 Ng4 43. c4 h2 44. Nxh2 Nxh2 45. Kc3 Kf6 46.
b4 Ke6 47. a4 Ng4 48. d4 Kd6 49. b5 Nf6 50. Kb4 Nd7 51. c5+ Kc7 52. d5 Kb8 53.
a5 Kc7 54. d6+ Kc8 55. c6 Nf6 56. b6 axb6 57. axb6 Ne4 58. d7+ Kd8 59. Kb5 Nc3+
60. Ka6 Nd5 61. b7 Nc7+ {score ends} 1-0

[Event "Mechanics' Winter TNM; 30/90, SD/30"]
[Site "San Francisco"]
[Date "2011.02.22"]
[Round "8.15"]
[White "Litowsky, Daniel"]
[Black "Frank, Robert"]
[Result "1-0"]
[WhiteElo "1700"]
[BlackElo "1291"]
[PlyCount "79"]
[EventDate "2011.??.??"]

1. e4 e5 2. Nc3 Nf6 3. Bc4 Nxe4 4. Bxf7+ Kxf7 5. Nxe4 Be7 6. Nf3 Bf6 7. h3 Re8
8. O-O d5 9. Ng3 e4 10. Nh2 Kg8 11. Ng4 Bxg4 12. Qxg4 Qd7 13. Qe2 Nc6 14. c3
Re7 15. b3 Rf8 16. Ba3 Ne5 17. Bxe7 Bxe7 18. d4 Ng6 19. Rae1 Nf4 20. Qc2 Nxh3+
21. gxh3 Qxh3 22. Re3 Rf3 23. Qe2 Rf6 24. Nxe4 Rg6+ 25. Ng3 Rh6 26. Rd1 Qh2+
27. Kf1 Qh3+ 28. Ke1 Bf8 29. Kd2 Qd7 30. Rh1 Ra6 31. a4 g6 32. Qb5 Qxb5 33.
axb5 Ra2+ 34. Kd3 Rxf2 35. Ne2 Rf6 36. Rhh3 h5 37. Rhf3 Kf7 38. Rxf6+ Kxf6 39.
Nf4 Bh6 40. Nxd5+ 1-0

[Event "Mechanics' Winter TNM; 30/90, SD/30"]
[Site "San Francisco"]
[Date "2011.01.11"]
[Round "2.15"]
[White "Litowsky, Daniel"]
[Black "Mar, Henry"]
[Result "0-1"]
[WhiteElo "1700"]
[BlackElo "1523"]
[PlyCount "86"]
[EventDate "2011.??.??"]

1. e4 c6 2. d4 d5 3. Nc3 dxe4 4. Nxe4 Nd7 5. Bc4 Ngf6 6. Ng3 Nd5 7. Nf3 N7f6 8.
O-O g6 9. c3 Bg7 10. Re1 O-O 11. Bg5 h6 12. Bd2 Bg4 13. h3 Bxf3 14. Qxf3 Re8
15. Re2 Qc7 16. Rae1 e6 17. Bb3 b5 18. Bc2 c5 19. b3 cxd4 20. Bxg6 dxc3 21. Bc1
b4 22. Bd3 a5 23. Bc4 a4 24. Nh5 Nxh5 25. Qxh5 Nf4 26. Bxf4 Qxf4 27. g3 Qg5 28.
Qf3 Rad8 29. h4 Qf6 30. Qxf6 Bxf6 31. bxa4 Rd2 32. Bb3 Rc8 33. Kf1 Rb2 34. Rc1
Rd8 35. Ke1 Rxe2+ 36. Kxe2 Rd2+ 37. Ke1 Bd4 38. f4 Bf2+ 39. Kf1 Bxg3 40. a3
bxa3 41. Rxc3 Bxf4 42. a5 a2 43. Rc1 Rb2 0-1

[Event "Mechanics' Winter TNM; 30/90, SD/30"]
[Site "San Francisco"]
[Date "2011.01.25"]
[Round "4.19"]
[White "Litowsky, Daniel"]
[Black "Morgan, Jerry"]
[Result "1-0"]
[WhiteElo "1700"]
[BlackElo "1507"]
[PlyCount "95"]
[EventDate "2011.??.??"]

1. e4 c6 2. d4 d5 3. Nc3 dxe4 4. Nxe4 Bf5 5. Ng3 Bg6 6. Nf3 Nd7 7. Bc4 e6 8.
O-O Ngf6 9. Re1 Bd6 10. Ne5 Bxe5 11. dxe5 Nd5 12. Ne4 Bxe4 13. Rxe4 Nc5 14. Rg4
Rg8 15. a3 Qc7 16. Qe2 O-O-O 17. b4 Nd7 18. Bb2 Nf8 19. Bd3 Ng6 20. Rc4 Nb6 21.
Rc5 Rd5 22. Rxd5 Nxd5 23. g3 Kb8 24. c4 Nb6 25. a4 Nd7 26. Bxg6 hxg6 27. a5 Rh8
28. b5 c5 29. f4 Qd8 30. Qe4 Qc8 31. Rd1 Rd8 32. Bc3 Nf8 33. Rd6 Nd7 34. Qd3
Ka8 35. Bd2 Kb8 36. Qe4 f5 37. exf6 Nxf6 38. Qe5 Rxd6 39. Qxd6+ Ka8 40. Qe5 Nh5
41. Be3 b6 42. axb6 axb6 43. Qe4+ Qb7 44. Qxg6 Qf3 45. Qe8+ Kb7 46. Bf2 Nxf4
47. Qf7+ Kc8 48. Qxf4 1-0

[Event "Mechanics' Winter TNM; 30/90, SD/30"]
[Site "San Francisco"]
[Date "2011.01.11"]
[Round "2.17"]
[White "MacIntyre, Brendan"]
[Black "Allen, Tom"]
[Result "0-1"]
[WhiteElo "1669"]
[BlackElo "1507"]
[PlyCount "48"]
[EventDate "2011.??.??"]

1. d4 d5 2. c4 e5 3. dxe5 d4 4. Nf3 Nc6 5. g3 Nge7 6. Bg2 Ng6 7. Bg5 Bb4+ 8.
Nbd2 Qd7 9. a3 h6 10. axb4 hxg5 11. Nxg5 Ngxe5 12. h4 Qe7 13. Kf1 Qxb4 14. b3
Bg4 15. Ngf3 d3 16. exd3 O-O-O 17. Qe1 Nxd3 18. Qe4 Bxf3 19. Nxf3 Rhe8 20. Qf5+
Kb8 21. Qxf7 Qb6 22. Ra2 Qxb3 23. Re2 Qd1+ 24. Re1 Qxe1+ 0-1

[Event "Mechanics' Winter TNM; 30/90, SD/30"]
[Site "San Francisco"]
[Date "2011.02.08"]
[Round "6.17"]
[White "MacIntyre, Brendan"]
[Black "Frank, Robert"]
[Result "1-0"]
[WhiteElo "1669"]
[BlackElo "1291"]
[PlyCount "55"]
[EventDate "2011.??.??"]

1. d4 Nf6 2. c4 e6 3. Nc3 Bb4 4. Nf3 d5 5. e3 c5 6. Bd3 cxd4 7. exd4 dxc4 8.
Bxc4 O-O 9. O-O a6 10. a3 Be7 11. d5 Qc7 12. Ba2 Rd8 13. Bg5 Nxd5 14. Nxd5 exd5
15. Rc1 Nc6 16. Qc2 Be6 17. Bb1 g6 18. Qc3 d4 19. Qd2 Rd5 20. Bf4 Bd6 21. Bxd6
Rxd6 22. Rfe1 a5 23. Qh6 f6 24. Qf4 Qd8 25. Rxe6 Rxe6 26. Ba2 Kf7 27. Ng5+ Kg8
28. Nxe6 1-0

[Event "Mechanics' Winter TNM; 30/90, SD/30"]
[Site "San Francisco"]
[Date "2011.01.25"]
[Round "4.15"]
[White "MacIntyre, Brendan"]
[Black "Mar, Henry"]
[Result "1-0"]
[WhiteElo "1669"]
[BlackElo "1523"]
[PlyCount "92"]
[EventDate "2011.??.??"]

1. d4 Nf6 2. c4 g6 3. Nc3 Bg7 4. e4 d6 5. Be2 O-O 6. Nf3 e5 7. d5 Nbd7 8. O-O
Nc5 9. Qc2 Ne8 10. b4 Na6 11. Ba3 b6 12. Qa4 f5 13. c5 Nb8 14. c6 Bh6 15. b5
Nf6 16. Bc1 f4 17. Qb3 Kh8 18. Bb2 g5 19. Rad1 Ne8 20. Qc4 g4 21. Nxe5 dxe5 22.
f3 Nd6 23. Qb3 Rg8 24. fxg4 Bxg4 25. Bxg4 Rxg4 26. Rf3 Bg7 27. a4 a5 28. Re1
Qg5 29. Re2 Qh5 30. Nd1 Qg6 31. Qc2 h5 32. h3 Rg5 33. Ba3 Bf8 34. Nb2 Qg7 35.
Bxd6 Bxd6 36. Nd3 Rg3 37. Ref2 h4 38. Rf1 Qg6 39. Qe2 Qh5 40. Qb2 Kh7 41. Qd2
Nxc6 42. dxc6 Rag8 43. R3f2 Rd8 44. Qa2 Qg6 45. Qd5 Qf6 46. Qc4 Qe7 {
Black lost on time in a superior position.} 1-0

[Event "Mechanics' Winter TNM; 30/90, SD/30"]
[Site "San Francisco"]
[Date "2011.02.15"]
[Round "7.12"]
[White "MacIntyre, Brendan"]
[Black "Ramachandran, Jayakrishnan"]
[Result "0-1"]
[WhiteElo "1669"]
[BlackElo "1913"]
[PlyCount "116"]
[EventDate "2011.??.??"]

1. d4 Nf6 2. c4 e6 3. Nc3 d5 4. e3 Be7 5. Nf3 Nbd7 6. Bd3 O-O 7. O-O b6 8. cxd5
exd5 9. Qc2 Bb7 10. b3 a6 11. a4 g6 12. Ba3 Bxa3 13. Rxa3 Re8 14. b4 Ne4 15.
Be2 Nd6 16. Qa2 Nf6 17. Ne5 Nde4 18. Rc1 Qd6 19. Nxe4 Nxe4 20. Bf3 Ng5 21. Rac3
Rec8 22. Qb3 Kg7 23. h4 Nxf3+ 24. Nxf3 f6 25. g4 Qd7 26. Nh2 b5 27. a5 c6 28.
Qd1 Qe7 29. Rc5 h6 30. Qf3 Rf8 31. Qg3 g5 32. hxg5 hxg5 33. f4 Rae8 34. Kf2 Qe4
35. f5 Qd3 36. R5c3 Qd2+ 37. Kf1 Qb2 38. Qd6 Rf7 39. R1c2 Qb1+ 40. Kf2 Rfe7 41.
Re2 Qe4 42. Qg3 Rh8 43. Nf3 Qb1 44. Qd6 Rf7 45. Ng1 Rh1 46. Re1 Qe4 47. Qg3 Rh4
48. Qf3 Rxg4 49. Qxe4 Rxe4 50. Nf3 Rc7 51. Rh1 Re8 52. Rcc1 Rh8 53. Kg3 Rcc8
54. Rh2 Rce8 55. Re1 Rxh2 56. Nxh2 Bc8 57. Kg4 Re4+ 58. Kh5 Rh4# 0-1

[Event "Mechanics' Winter TNM; 30/90, SD/30"]
[Site "San Francisco"]
[Date "2011.02.01"]
[Round "5.3"]
[White "Manvelyan, Hayk"]
[Black "Byambaa, Uyanga"]
[Result "1/2-1/2"]
[WhiteElo "2164"]
[BlackElo "1829"]
[PlyCount "108"]
[EventDate "2011.??.??"]

1. e4 c5 2. Nc3 Nc6 3. g3 g6 4. Bg2 Bg7 5. d3 Nf6 6. f4 d6 7. Nf3 O-O 8. O-O
Rb8 9. h3 Bd7 10. e5 dxe5 11. fxe5 Ne8 12. Bf4 Be6 13. Qd2 Nxe5 14. Nxe5 Qd4+
15. Qf2 Bxe5 16. Be3 Qd7 17. Bxc5 b6 18. Be3 Bxh3 19. d4 Bxg2 20. Kxg2 Bg7 21.
Rad1 Nf6 22. Bf4 Rbd8 23. Rd3 Nd5 24. Rfd1 Rc8 25. Kg1 Nb4 26. R3d2 Rfd8 27. a3
Nd5 28. Nxd5 Qxd5 29. c3 g5 30. Be3 h6 31. Rf1 Rf8 32. Qe1 e5 33. dxe5 Qxe5 34.
Qf2 Qe6 35. Bd4 Rcd8 36. Bxg7 Kxg7 37. Re2 Qd6 38. g4 Qc5 39. Qxc5 bxc5 40. Rf5
Rc8 41. Re7 a6 42. Kf2 Kg6 43. Ke3 Rfe8 44. Rfxf7 Rxe7+ 45. Rxe7 Rc6 46. Kf3 h5
47. gxh5+ Kxh5 48. b4 cxb4 49. cxb4 Rc3+ 50. Re3 g4+ 51. Kf2 Rc1 52. Kg3 Rg1+
53. Kh2 Rf1 54. Kg3 Rf5 1/2-1/2

[Event "Mechanics' Winter TNM; 30/90, SD/30"]
[Site "San Francisco"]
[Date "2011.01.11"]
[Round "2.10"]
[White "Manvelyan, Hayk"]
[Black "Dembling, Arthur"]
[Result "1-0"]
[WhiteElo "2164"]
[BlackElo "1799"]
[PlyCount "55"]
[EventDate "2011.??.??"]

1. e4 e6 2. d4 d5 3. Nc3 Nf6 4. Bg5 Bb4 5. e5 h6 6. Be3 Ne4 7. Qg4 Kf8 8. a3
Bxc3+ 9. bxc3 Bd7 10. Bd3 Nxc3 11. h4 Na4 12. Rh3 h5 13. Qf3 c5 14. Bg6 Be8 15.
Ne2 cxd4 16. Nxd4 Qa5+ 17. Bd2 Qb6 18. c3 Nc5 19. Qf4 Rh6 20. Bc2 Nc6 21. Rg3
Rh8 22. Qg5 Rg8 23. Bh7 Ne4 24. Bxe4 dxe4 25. Be3 Qb2 26. Nxe6+ fxe6 27. Bc5+
Kf7 28. Qg6# 1-0

[Event "Mechanics' Winter TNM; 30/90, SD/30"]
[Site "San Francisco"]
[Date "2011.02.15"]
[Round "7.6"]
[White "Manvelyan, Hayk"]
[Black "Ochoa, Jason"]
[Result "1-0"]
[WhiteElo "2164"]
[BlackElo "1900"]
[PlyCount "67"]
[EventDate "2011.??.??"]

1. e4 Nc6 2. d4 e5 3. d5 Nce7 4. Nf3 Ng6 5. h4 Bb4+ 6. c3 Bd6 7. h5 N6e7 8.
Nbd2 Nf6 9. Qc2 c6 10. Nc4 Qc7 11. dxc6 dxc6 12. Qd3 Bc5 13. Ncxe5 Bg4 14. Qc4
Qb6 15. Qxf7+ Kd8 16. Nd3 Nxe4 17. Nxc5 Qxc5 18. Be3 Qa5 19. O-O-O+ Bd7 20.
Qxg7 Rg8 21. Qd4 Nf6 22. Qxf6 Qxa2 23. Qd4 Nd5 24. Ne5 Rg7 25. Bc4 Qa1+ 26. Kc2
Qa4+ 27. Bb3 Bf5+ 28. Nd3 Qxd4 29. Bxd4 Rxg2 30. Bxd5 cxd5 31. Rhg1 Rxg1 32.
Rxg1 Kd7 33. Rg7+ Kc6 34. Rf7 1-0

[Event "Mechanics' Winter TNM; 30/90, SD/30"]
[Site "San Francisco"]
[Date "2011.02.15"]
[Round "7.9"]
[White "Manvelyan, Hovik"]
[Black "Alzhin, Leonid"]
[Result "1-0"]
[WhiteElo "1992"]
[BlackElo "1563"]
[PlyCount "89"]
[EventDate "2011.??.??"]

1. e4 e5 2. d4 exd4 3. c3 c5 4. Bc4 Nc6 5. Nf3 Nf6 6. e5 d5 7. exf6 dxc4 8. O-O
gxf6 9. Re1+ Be6 10. Qa4 Qd5 11. Bf4 Bd6 12. Bxd6 Qxd6 13. Na3 O-O 14. cxd4 Nb4
15. Red1 Nd3 16. Rd2 cxd4 17. Nxc4 Bxc4 18. Qxc4 Ne5 19. Qb3 Nxf3+ 20. Qxf3 Qb6
21. Qg4+ Kh8 22. Qxd4 Qxd4 23. Rxd4 Rad8 24. Rad1 Rxd4 25. Rxd4 Re8 26. Kf1 Re7
27. f4 Kg7 28. g4 h6 29. f5 Kf8 30. Kf2 b5 31. Kf3 a5 32. b3 b4 33. Rd5 Re5 34.
Rxe5 fxe5 35. f6 Ke8 36. Ke4 Kd7 37. Kxe5 Kc6 38. h4 Kd7 39. Kd5 Kc7 40. g5
hxg5 41. h5 g4 42. Ke4 Kb6 43. h6 Kb5 44. h7 a4 45. h8=Q 1-0

[Event "Mechanics' Winter TNM; 30/90, SD/30"]
[Site "San Francisco"]
[Date "2011.02.01"]
[Round "5.8"]
[White "Manvelyan, Hovik"]
[Black "Banik, Siddharth"]
[Result "0-1"]
[WhiteElo "1992"]
[BlackElo "1765"]
[PlyCount "88"]
[EventDate "2011.??.??"]

1. e4 c5 2. Nc3 Nc6 3. g3 g6 4. Bg2 Bg7 5. d3 d6 6. f4 Nd4 7. Nce2 e6 8. c3 Nc6
9. Nf3 Nge7 10. O-O O-O 11. h3 e5 12. Kh2 f6 13. Be3 b6 14. Qb3+ Kh8 15. Rad1
Ba6 16. Rd2 Qc8 17. Qd1 d5 18. fxe5 fxe5 19. Bg5 h6 20. Be3 c4 21. d4 dxe4 22.
Nxe5 Nxe5 23. dxe5 Nf5 24. Bd4 Bb7 25. Nf4 Kh7 26. Qg4 Qe8 27. Re1 h5 28. Qe2
Bh6 29. Rf1 h4 30. gxh4 Nxd4 31. Rxd4 Bxf4+ 32. Kh1 Rd8 33. Bxe4 Rxd4 34. cxd4
Qe6 35. Kg2 Bc8 36. Rf3 Kg7 37. Qf2 Bh6 38. Qg3 Rxf3 39. Qxf3 Qf7 40. Qa3 Bb7
41. Bxb7 Qxb7+ 42. Kg3 Qf7 43. Qd6 Be3 44. e6 Qf2+ 0-1

[Event "Mechanics' Winter TNM; 30/90, SD/30"]
[Site "San Francisco"]
[Date "2011.01.25"]
[Round "4.9"]
[White "Manvelyan, Hovik"]
[Black "Newey, Richard"]
[Result "1-0"]
[WhiteElo "1992"]
[BlackElo "1710"]
[PlyCount "49"]
[EventDate "2011.??.??"]

1. e4 c6 2. d4 d5 3. e5 Bf5 4. Nc3 e6 5. h4 h5 6. Bd3 Bxd3 7. Qxd3 Be7 8. Nf3
Qb6 9. O-O c5 10. Na4 Qb4 11. Nxc5 Bxc5 12. a3 Qb6 13. dxc5 Qxc5 14. Be3 Qc7
15. Rac1 Nc6 16. b4 Nxe5 17. Nxe5 Qxe5 18. Qb5+ Kf8 19. Bc5+ Ne7 20. Qxb7 Re8
21. Qxa7 f6 22. Rfe1 Qf4 23. g3 Qd2 24. Qc7 Kf7 25. Be3 1-0

[Event "Mechanics' Winter TNM; 30/90, SD/30"]
[Site "San Francisco"]
[Date "2011.02.22"]
[Round "8.14"]
[White "Mar, Henry"]
[Black "Abraham, Renjish"]
[Result "0-1"]
[WhiteElo "1523"]
[BlackElo "1817"]
[Annotator "Donaldson"]
[PlyCount "48"]
[EventDate "2011.??.??"]

1. e4 c5 2. Nf3 d6 3. g3 g6 4. Bg2 Bg7 5. d3 b5 6. O-O Bb7 7. Re1 Nd7 8. c3
Ngf6 9. Nbd2 O-O 10. h4 (10. d4) 10... Qc7 11. Nf1 $2 a5 (11... c4 $1 12. Nd4
a6) 12. Rb1 $2 (12. a4) 12... c4 $1 13. Nd4 cxd3 14. Nxb5 Qc4 15. Nd4 (15. Qb3
Qc5 16. Be3 a4) 15... e5 16. Ne3 (16. Nf3 Qxa2) 16... Qxa2 17. Qxd3 exd4 18.
cxd4 Ba6 19. Qc2 Rac8 20. Qd2 Qxb1 21. e5 dxe5 22. d5 e4 23. d6 Bd3 24. Bh3 Rc5
0-1

[Event "Mechanics' Winter TNM; 30/90, SD/30"]
[Site "San Francisco"]
[Date "2011.01.18"]
[Round "3.14"]
[White "Mar, Henry"]
[Black "Newey, Richard"]
[Result "0-1"]
[WhiteElo "1523"]
[BlackElo "1710"]
[PlyCount "127"]
[EventDate "2011.??.??"]

1. e4 c6 2. d3 d5 3. Nd2 e6 4. Ngf3 Qb6 5. g3 Nf6 6. Bg2 c5 7. O-O Be7 8. e5
Nfd7 9. c4 d4 10. Re1 Nc6 11. Nb3 a5 12. a4 Bd8 13. Nbd2 Bc7 14. Ne4 Ndxe5 15.
Nxe5 Nxe5 16. Qe2 h6 17. Bf4 Ng6 18. Bxc7 Qxc7 19. f4 O-O 20. Qh5 f5 21. Qxg6
fxe4 22. Bxe4 Rf6 23. Qh7+ Kf8 24. Bg6 Rxg6 25. Qxg6 Qc6 26. Re4 Qb6 27. Re2
Qc6 28. Re4 b6 29. f5 Qe8 30. Qxe8+ Kxe8 31. fxe6 Bb7 32. Re5 Ke7 33. Rf1 Bc6
34. b3 Kd6 35. Rfe1 Ke7 36. Rf5 Be8 37. Rf4 Rd8 38. Rg4 g5 39. h4 Bh5 40. Rge4
Bg6 41. Re5 gxh4 42. gxh4 Bxd3 43. Rh5 Rg8+ 44. Kh2 Rg6 45. Rhe5 Rf6 46. Rg1
Rxe6 47. Rxe6+ Kxe6 48. Re1+ Kf5 49. Kg3 Bc2 50. Re8 Bxb3 51. Rb8 d3 52. Rd8
Ke4 53. Kf2 Bxa4 54. Ke1 Bb3 55. Kd2 Bxc4 56. Rd6 h5 57. Rxb6 a4 58. Rb7 a3 59.
Ra7 a2 60. Re7+ Kd4 61. Ra7 Bd5 62. Ra3 c4 63. Ra4 Be6 64. Kc1 0-1

[Event "Mechanics' Winter TNM; 30/90, SD/30"]
[Site "San Francisco"]
[Date "2011.01.04"]
[Round "1.10"]
[White "Mar, Henry"]
[Black "Ochoa, Jason"]
[Result "0-1"]
[WhiteElo "1523"]
[BlackElo "1900"]
[PlyCount "108"]
[EventDate "2011.??.??"]

1. e4 Nc6 2. Nf3 e5 3. g3 Nf6 4. d3 Bc5 5. Bg2 d6 6. O-O O-O 7. Bg5 h6 8. Be3
Bxe3 9. fxe3 Ng4 10. Qd2 Be6 11. c3 d5 12. exd5 Bxd5 13. e4 Be6 14. Nh4 Qd7 15.
Na3 Rad8 16. Rad1 Bxa2 17. Qe2 Be6 18. Nc2 Ne7 19. Ne3 Nxe3 20. Qxe3 Bg4 21.
Rd2 b6 22. Nf3 Bxf3 23. Qxf3 c5 24. Rfd1 Nc6 25. Qh5 a5 26. Bh3 Qd6 27. g4 Qe7
28. Qf5 Qg5 29. Qxg5 hxg5 30. Bf1 Rd6 31. h3 Rfd8 32. Kf2 Rf6+ 33. Kg3 Rdd6 34.
Rf2 Rxf2 35. Kxf2 Rf6+ 36. Kg3 Ne7 37. d4 cxd4 38. cxd4 exd4 39. Bg2 Rd6 40. e5
Rd8 41. Be4 f6 42. e6 Rd6 43. Bd3 Nc6 44. Re1 Kf8 45. Bb5 Ke7 46. Rc1 Ne5 47.
Rc7+ Kxe6 48. Rxg7 d3 49. Ba4 Kd5 50. Rc7 Kd4 51. Kf2 Ng6 52. Rc3 Nf4 53. Bb5
d2 54. Rc4+ Ke5 0-1

[Event "Mechanics' Winter TNM; 30/90, SD/30"]
[Site "San Francisco"]
[Date "2011.01.18"]
[Round "3.8"]
[White "Margulis, Igor"]
[Black "Banik, Siddharth"]
[Result "0-1"]
[WhiteElo "2100"]
[BlackElo "1765"]
[PlyCount "60"]
[EventDate "2011.??.??"]

1. e4 c5 2. g3 Nc6 3. Bg2 g6 4. f4 Bg7 5. Nf3 d6 6. O-O e6 7. c3 Nge7 8. Qe2
O-O 9. Na3 a6 10. Nc2 b5 11. d4 cxd4 12. cxd4 Qb6 13. Be3 d5 14. e5 a5 15. g4
b4 16. Qf2 Ba6 17. Rfe1 a4 18. Nh4 b3 19. axb3 axb3 20. Na3 Nb4 21. Bf1 Bxf1
22. Rxf1 f6 23. Rad1 Rac8 24. Rd2 fxe5 25. dxe5 Qc7 26. Nf3 Nec6 27. Nb5 Qb8
28. Nd6 Rcd8 29. Qh4 h6 30. Qe7 $4 Nxe7 0-1

[Event "Mechanics' Winter TNM; 30/90, SD/30"]
[Site "San Francisco"]
[Date "2011.02.22"]
[Round "8.2"]
[White "Margulis, Igor"]
[Black "Cunningham, Robin"]
[Result "0-1"]
[WhiteElo "2100"]
[BlackElo "2265"]
[PlyCount "58"]
[EventDate "2011.??.??"]

1. e4 Nf6 2. Nc3 e5 3. Bc4 Nxe4 4. Bxf7+ Kxf7 5. Nxe4 d5 6. Ng3 Bc5 7. Nf3 Nc6
8. d4 exd4 9. Ng5+ Kg8 10. O-O h6 11. Nf3 Bg4 12. h3 Bxf3 13. Qxf3 Qd7 14. Qh5
Qf7 15. Qd1 Kh7 16. a3 a5 17. Qd3+ Qg6 18. Qb3 Bb6 19. Qxd5 Rhf8 20. Qe4 Qxe4
21. Nxe4 Rae8 22. Ng3 Ne5 23. b3 d3 24. Ra2 Rd8 25. cxd3 Rxd3 26. Ne4 Rxb3 27.
Kh1 Nd3 28. f3 Rb1 29. Rc2 Be3 0-1

[Event "Mechanics' Winter TNM; 30/90, SD/30"]
[Site "San Francisco"]
[Date "2011.01.25"]
[Round "4.13"]
[White "Margulis, Igor"]
[Black "James, Charles"]
[Result "1-0"]
[WhiteElo "2100"]
[BlackElo "1395"]
[PlyCount "29"]
[EventDate "2011.??.??"]

1. e4 e6 2. Qe2 c5 3. g3 Ne7 4. Bg2 e5 5. Nf3 Nbc6 6. c3 g6 7. Na3 a6 8. Nc4
Qc7 9. a4 Bg7 10. a5 O-O 11. d3 d5 $6 12. Nb6 Rb8 13. exd5 Nxa5 14. Nxc8 Rfxc8
$4 (14... Nxc8 {was forced.}) 15. d6 $1 1-0

[Event "Mechanics' Winter TNM; 30/90, SD/30"]
[Site "San Francisco"]
[Date "2011.01.04"]
[Round "1.3"]
[White "Margulis, Igor"]
[Black "MacIntyre, Brendan"]
[Result "1-0"]
[WhiteElo "2100"]
[BlackElo "1669"]
[PlyCount "63"]
[EventDate "2011.??.??"]

1. e4 c5 2. Nc3 Nf6 3. f4 d6 4. Nf3 e6 5. d4 cxd4 6. Nxd4 Nc6 7. Bb5 Qc7 8. O-O
Be7 9. Be3 O-O 10. Qe2 a6 11. Bd3 Nxd4 12. Bxd4 e5 13. Be3 b5 14. a3 Bb7 15.
Rad1 Rac8 16. f5 d5 17. exd5 Nxd5 18. Nxd5 Bxd5 19. f6 Bc5 20. fxg7 Rfd8 21.
Bf5 Bxe3+ 22. Qxe3 Qc5 23. Rfe1 Qxe3+ 24. Rxe3 Be6 25. Rxd8+ Rxd8 26. Bxe6 fxe6
27. Rxe5 Kf7 28. Kf2 Kf6 29. Re3 Rg8 30. Rf3+ Ke7 31. Rg3 Kf6 32. Ke3 1-0

[Event "Mechanics' Winter TNM; 30/90, SD/30"]
[Site "San Francisco"]
[Date "2011.02.15"]
[Round "7.5"]
[White "Margulis, Igor"]
[Black "Todortsev, Victor"]
[Result "1-0"]
[WhiteElo "2100"]
[BlackElo "1919"]
[PlyCount "89"]
[EventDate "2011.??.??"]

1. e4 e5 2. Bc4 Nf6 3. d3 Bb4+ 4. c3 Be7 5. Nf3 d6 6. O-O O-O 7. Nbd2 Nc6 8. b4
Bg4 9. h3 Bh5 10. Re1 Qd7 11. Nf1 d5 12. exd5 Nxd5 13. b5 Na5 14. Nxe5 Bxd1 15.
Nxd7 Nxc4 16. dxc4 Rfe8 17. cxd5 Ba4 18. c4 f6 19. Be3 b6 20. c5 Bxb5 21. c6
Bd6 22. Red1 Ba6 23. a4 Bc8 24. a5 b5 25. Bc5 Bxd7 26. Bxd6 cxd6 27. cxd7 Red8
28. Rac1 Rxd7 29. Rc6 a6 30. Rdc1 Raa7 31. Rb6 Kf7 32. Rcc6 -- 33. Ne3 g6 34.
Kf1 f5 35. Ke2 f4 36. Nd1 Kf6 37. Rxa6 Ke5 38. Nc3 b4 39. Nb5 Rxa6 40. Rxa6
Kxd5 41. Kd3 Kc5 42. Nd4 Rb7 43. Rc6+ Kd5 44. Rb6 Rc7 45. Rxb4 1-0

[Event "Mechanics' Winter TNM; 30/90, SD/30"]
[Site "San Francisco"]
[Date "2011.01.18"]
[Round "3.9"]
[White "Milliken, William"]
[Black "Gaffagan, Steven"]
[Result "0-1"]
[WhiteElo "1681"]
[BlackElo "2065"]
[PlyCount "54"]
[EventDate "2011.??.??"]

1. e4 c6 2. d4 d5 3. Nd2 dxe4 4. Nxe4 Bf5 5. Ng3 Bg6 6. Nf3 Nd7 7. h4 h6 8. h5
Bh7 9. Bd3 Bxd3 10. Qxd3 e6 11. Bf4 Qa5+ 12. Bd2 Bb4 13. c3 Be7 14. O-O Ngf6
15. Rfe1 Qc7 16. c4 Rd8 17. Nf5 $2 exf5 18. Qe2 $4 (18. Qxf5) 18... Ne4 19. Bc3
O-O 20. Nd2 Ndf6 21. Rad1 Rfe8 22. Qf3 Qc8 23. Nf1 Nxc3 24. bxc3 Bd6 25. Ng3
Bxg3 26. fxg3 Re4 27. Rf1 Rde8 0-1

[Event "Mechanics' Winter TNM; 30/90, SD/30"]
[Site "San Francisco"]
[Date "2011.02.15"]
[Round "7.11"]
[White "Milliken, William"]
[Black "Klinetobe, David"]
[Result "0-1"]
[WhiteElo "1681"]
[BlackElo "2000"]
[PlyCount "52"]
[EventDate "2011.??.??"]

1. e4 e6 2. d4 d5 3. Nc3 Nf6 4. Bg5 Be7 5. e5 Nfd7 6. Bxe7 Qxe7 7. f4 a6 8. Nf3
c5 9. Bd3 Nc6 10. dxc5 Qxc5 11. Qd2 b5 12. O-O-O Nb6 13. f5 b4 14. Ne2 exf5 15.
Qg5 O-O 16. Ng3 f6 17. exf6 Rxf6 18. Nxf5 Bxf5 19. Bxf5 Raf8 20. Bd3 b3 21.
axb3 Qa5 22. c4 Nb4 23. Qe5 Nxd3+ 24. Rxd3 Qa1+ 25. Kc2 Qxh1 26. c5 Qxg2+ 0-1

[Event "Mechanics' Winter TNM; 30/90, SD/30"]
[Site "San Francisco"]
[Date "2011.02.01"]
[Round "5.12"]
[White "Milliken, William"]
[Black "Margulis, Igor"]
[Result "0-1"]
[WhiteElo "1681"]
[BlackElo "2100"]
[PlyCount "49"]
[EventDate "2011.??.??"]

1. e4 g6 2. d4 Bg7 3. Nc3 c6 4. Bc4 e6 5. Nge2 d5 6. Bb3 Nf6 7. f3 O-O 8. Bg5
Qa5 9. e5 Nfd7 10. Qd2 c5 11. f4 Nc6 12. O-O-O a6 13. dxc5 Nxc5 14. Na4 Qxd2+
15. Rxd2 Ne4 16. Nb6 Rb8 17. Nxc8 Rfxc8 18. Bxd5 exd5 19. Rxd5 Nb4 20. Rd4
Rxc2+ 21. Kd1 Nf2+ 22. Ke1 Nc6 23. Rd2 Rxd2 24. Kxd2 Nxh1 25. Ke1 0-1

[Event "Mechanics' Winter TNM; 30/90, SD/30"]
[Site "San Francisco"]
[Date "2011.01.04"]
[Round "1.2"]
[White "Milliken, William"]
[Black "Shipman, Walter"]
[Result "0-1"]
[WhiteElo "1681"]
[BlackElo "2200"]
[PlyCount "46"]
[EventDate "2011.??.??"]

1. e4 e5 2. Nf3 Nc6 3. d4 exd4 4. c3 d5 5. exd5 Qxd5 6. cxd4 Bg4 7. Nc3 Bb4 8.
Be2 Bxf3 9. Bxf3 Qc4 10. Bxc6+ bxc6 11. Qe2+ Qxe2+ 12. Kxe2 O-O-O 13. Rd1 Ne7
14. a3 Ba5 15. Be3 Bb6 16. Ne4 Nf5 17. Nc5 Rhe8 18. Kf3 Rd5 19. Rac1 (19. g4 $5
) 19... Red8 20. Nb3 c5 21. Rc4 cxd4 22. Nxd4 Nxd4+ 23. Bxd4 Rxd4 0-1

[Event "Mechanics' Winter TNM; 30/90, SD/30"]
[Site "San Francisco"]
[Date "2011.01.11"]
[Round "2.13"]
[White "Montoya, Daniel"]
[Black "Manvelyan, Hovik"]
[Result "0-1"]
[WhiteElo "1496"]
[BlackElo "1992"]
[PlyCount "60"]
[EventDate "2011.??.??"]

1. e4 e5 2. Nf3 Nc6 3. d4 exd4 4. Nxd4 Bc5 5. Nxc6 Qf6 6. Qd2 dxc6 7. Nc3 Be6
8. Bd3 Ne7 9. O-O Ng6 10. h3 O-O-O 11. Qg5 Ne5 12. Be2 Rhg8 13. Bf4 Bd6 14. Qg3
g5 15. Bxe5 Bxe5 16. Qf3 Qg7 17. Qh5 Bd6 18. Nd1 Qe5 19. g3 Bc5 20. Kg2 Qxe4+
21. Bf3 Qxc2 22. Nc3 Qg6 23. Rfe1 Bf5 24. Rac1 Rd2 25. Qxg6 Rxf2+ 26. Kh1 hxg6
27. Bg2 Bb4 28. b3 Rd8 29. Rf1 Rxf1+ 30. Bxf1 Rd2 0-1